Perben az elmúlással Fodor András: Kettős rekviem /

Elmentve itt :
Bibliográfiai részletek
Szerző: Tüskés Tibor
További közreműködők: Fodor András
Dokumentumtípus: Cikk
Megjelent: 1973
Sorozat:Tiszatáj 27 No. 5
Kulcsszavak:Magyar irodalom - vers - könyvismertetés
Online Access:http://tiszataj.bibl.u-szeged.hu/7870
LEADER 00649nab a2200193 i 4500
001 tisza7870
005 20200330134031.0
008 170717s1973 hu o 0|| hun d
022 |a 0133-1167 
040 |a SZTE Tiszatáj Archívum  |b hun 
041 |a hun 
100 1 |a Tüskés Tibor 
245 1 0 |a Perben az elmúlással   |h [elektronikus dokumentum] :  |b Fodor András: Kettős rekviem /  |c  Tüskés Tibor 
260 |c 1973 
300 |a 76-77 
490 0 |a Tiszatáj  |v 27 No. 5 
695 |a Magyar irodalom - vers - könyvismertetés 
700 0 1 |a Fodor András 
856 4 0 |u http://tiszataj.bibl.u-szeged.hu/7870/1/tiszataj_1973_005_076-077.pdf  |z Dokumentum-elérés